Ciudades de Estados Unidos por código IATA - Estadísticas

Estadísticas generales
  • Esta prueba ha sido intentada 192 veces
  • La puntuación promedio es 13 de 21
Estadísticas de respuestas
Código IATA Ciudad % Correcto
ATL Atlanta
99%
BOS Boston
94%
MIA Miami
90%
ORL Orlando
88%
DEN Denver
84%
AUS Austin
82%
LAX Los Ángeles
82%
OKC Oklahoma City
77%
PHL Filadelfia
74%
JFK Nueva York
68%
LAS Las Vegas
66%
HNL Honolulú
65%
SFO San Francisco
64%
DTW Detroit
48%
PIT Pittsburgh
37%
OMA Omaha
36%
ORD Chicago
30%
SLC Salt Lake City
29%
IAH Houston
24%
MSY Nueva Orleans
10%
FAT Fresno
7%
No se encontraron pruebas coincidentes
Distribución de puntuación
Porcentaje de gente con cada puntuación
Porcentaje por número respondido
Historial de tus puntuaciones
No has intentado esta prueba.